| 000 | 00791nam a2200277Ia 4500 | ||
|---|---|---|---|
| 003 | OSt | ||
| 005 | 20221006142121.0 | ||
| 006 | a|||||r|||| 00| 0 | ||
| 007 | ta | ||
| 008 | 221006b |||||||| |||| 00| 0 eng d | ||
| 020 |
_a9780333611999 _c¥42.50 |
||
| 024 | _a5,338 | ||
| 037 | _cTextual | ||
| 040 |
_aEASL _cEASL _beng |
||
| 041 |
_2eng _aeng |
||
| 082 | _aQ4596.N96, N7 | ||
| 100 |
_aABE Masao _9592168 |
||
| 245 | 0 |
_aZen and comparative studies _b Part two of a two-volume sequel to Zen and Western thought |
|
| 260 |
_aLondon _bMacmillan Press _c1997 |
||
| 300 |
_a262p. _ccm. |
||
| 490 | _v JEL | ||
| 650 | _aJEL | ||
| 700 |
_a HEINE Steven Ed. _928172 |
||
| 942 |
_hQ4596.N96, N7 _cTEXL _2CC |
||
| 999 |
_c1073424 _d1073424 |
||